000 00637cam a2200217 4500500
005 20260405003140.0
041 _afre
042 _adc
100 1 0 _aNicolas, Ariane
_eauthor
245 0 0 _a“Anarchie, État et Utopie” résumé en une phrase
260 _c2020.
500 _a62
690 _aAnarchie
690 _aÉtat
690 _aLibertarisme
690 _aNozick
690 _aRobert Nozick
690 _aUtopie
786 0 _nPhilosophie magazine | 143 | 10 | 2020-10-01 | p. 53-53 | 1951-1787
856 4 1 _uhttps://shs.cairn.info/magazine-philosophie-magazine-2020-10-page-53?lang=fr&redirect-ssocas=7080
999 _c2064828
_d2064828